On Mount Ralang (Record no. 8843)
[ view plain ]
| 000 -LEADER | |
|---|---|
| fixed length control field | 00368nam a22001217a 4500 |
| 008 - FIXED-LENGTH DATA ELEMENTS--GENERAL INFORMATION | |
| fixed length control field | 210823b ||||| |||| 00| 0 eng d |
| 082 ## - DEWEY DECIMAL CLASSIFICATION NUMBER | |
| Classification number | 954.98 CHO |
| 100 ## - MAIN ENTRY--PERSONAL NAME | |
| Personal name | Chophel, Sonam |
| 245 ## - TITLE STATEMENT | |
| Title | On Mount Ralang |
| Remainder of title | "Evocative exploration of the Mount Ralang of Phongmey, Trashigang. Open the book and hike." |
| 260 ## - PUBLICATION, DISTRIBUTION, ETC. | |
| Date of publication, distribution, etc. | 2019. |
| 300 ## - PHYSICAL DESCRIPTION | |
| Extent | 32 p. |
| Other physical details | ill, |
| Dimensions | 20 cm. |
| 942 ## - Added entry Elements (Koha) | |
| Source of classification or shelving scheme | Dewey Decimal Classification |
| Withdrawn status | Lost status | Source of classification or shelving scheme | Damaged status | Not for loan | Collection code | Home library | Current library | Shelving location | Date acquired | Serial Enumeration / chronology | Total Checkouts | Full call number | Barcode | Date last seen | Date last checked out | Price effective from | Koha item type |
|---|---|---|---|---|---|---|---|---|---|---|---|---|---|---|---|---|---|
| Dewey Decimal Classification | Main TEST | RTC Library | RTC Library | Main opac | 23/08/2021 | 16148 | 1 | 954.98 CHO | 30015139 | 07/09/2021 | 23/08/2021 | 23/08/2021 | Main |